00728 a2200229 4500260001000000630005300010650002600063100002500089700002400114700002300138260003300161245018100194300000800375650002400383260000900407300001000416100000700426037001100433440002200444440001400466020001800480 aParis a37 - Education. Enseignement. Formation. Loisirs a3 - SCIENCES SOCIALES aCidrac, Ghislaine de aFournier, Christine aBrocard, Claudine  bLa Documentation Frnaçaise al'Accès des femmes salariées à la formation continue et ses effets sur leur carrière : rapport du Groupe de travail Conseil supérieur de l'égalité professionnelle a69p aFemme : éducation c2002 b24 cm lFr a04/432 aDroits des Femmes x0999-1328 a2-11-004661-9